[Event "WYCC 2018 O18"]
[Site "Halkidiki"]
[Date "2018.10.28"]
[Round "9"]
[White "Rengifo Blancas, Renzo Jhonathan"]
[Black "Le, Minh Hoang"]
[Result "1-0"]
[WhiteElo "2123"]
[BlackElo "2271"]
[Annotator "NA"]
[PlyCount "75"]
[EventDate "2018.10.20"]
[EventType "swiss"]
[EventCountry "GRE"]
[SourceTitle "playchess.com"]
[Source "ChessBase"]
[SourceQuality "1"]
[TimeControl "40/5400+30:1800+30"]

1. e4 {[%emt 0:00:00]} c6 {[%emt 0:00:00]} 2. d4 {[%emt 0:00:00]} d5 {[%emt 0:00:00]} 3. Nc3 {[%emt 0:00:00]} dxe4 {[%emt 0:00:00]} 4. Nxe4 {[%emt 0:00:00]} Nd7 {[%emt 0:00:00]} 5. Ng5 {[%emt 0:00:01]} e6 {[%emt 0:00:29]} 6. Bd3 {[%emt 0:01:41]} Ngf6 {[%emt 0:00:24]} 7. N1f3 {[%emt 0:00:13]} Bd6 {[%emt 0:00:21]} 8. Qe2 {[%emt 0:00:22]} h6 {[%emt 0:00:20]} 9. Ne4 {[%emt 0:00:04]} Nxe4 {[%emt 0:00:06]} 10. Qxe4 {[%emt 0:00:04]} Nf6 {[%emt 0:00:07]} 11. Qe2 {[%emt 0:01:32]} b6 {[%emt 0:00:34]} 12. Bd2 {[%emt 0:00:23]} Bb7 {[%emt 0:00:33]} 13. Ne5 {[%emt 0:00:21]} Qc7 {[%emt 0:02:21]} 14. f4 {[%emt 0:00:08]} O-O-O {[%emt 0:00:46]} 15. O-O {[%emt 0:00:26]} c5 {[%emt 0:06:02]} 16. a4 {[%emt 0:01:03]} a5 {[%emt 0:15:41]} 17. c3 {[%emt 0:18:48]} Nd5 {[%emt 0:08:48]} 18. Rac1 {[%emt 0:05:41]} f6 {[%emt 0:10:56]} 19. Ng6 {[%emt 0:04:02]} Rhe8 {[%emt 0:00:08]} 20. b4 {[%emt 0:00:43]} e5 {[%emt 0:10:12]} 21. bxc5 {[%emt 0:04:31]} bxc5 {[%emt 0:02:34]} 22. fxe5 {[%emt 0:29:11]} fxe5 {[%emt 0:00:17]} 23. Bb5 {[%emt 0:00:55]} Bc6 {[%emt 0:01:30]} 24. Rb1 {[%emt 0:02:26]} Rd7 {[%emt 0:05:22]} 25. dxe5 {[%emt 0:05:00]} Bxe5 {[%emt 0:08:35]} 26. Nxe5 {[%emt 0:02:07]} Rxe5 {[%emt 0:00:04]} 27. Rf8+ {[%emt 0:03:49]} Rd8 {[%emt 0:00:06]} 28. Ba6+ {[%emt 0:09:06]} Kd7 {[%emt 0:00:14]} 29. Qg4+ {[%emt 0:01:25]} Kd6 {[%emt 0:00:08]} 30. Rxd8+ {[%emt 0:01:56]} Qxd8 {[%emt 0:00:04]} 31. c4 {[%emt 0:01:40]} Nf6 {[%emt 0:00:42]} 32. Qxg7 {[%emt 0:01:53]} Re2 {[%emt 0:00:12]} 33. Bxa5 {[%emt 0:04:33]} Qe7 {[%emt 0:07:48]} 34. Rd1+ {[%emt 0:00:16]} Ke6 {[%emt 0:00:05]} 35. Bc8+ {[%emt 0:00:09]} Nd7 {[%emt 0:00:41]} 36. Bxd7+ {[%emt 0:01:09]} Bxd7 {[%emt 0:00:04]} 37. Qg4+ {[%emt 0:00:22]} Kf6 {[%emt 0:00:24]} 38. Rf1+ {[%emt 0:00:06]} 1-0

[Event "WYCC 2018 O18"]
[Site "Halkidiki"]
[Date "2018.10.28"]
[Round "9"]
[White "Torres Cueto, Jesus Marcial"]
[Black "Banzea, Alexandru-Bogdan"]
[Result "0-1"]
[WhiteElo "2078"]
[BlackElo "2313"]
[Annotator "NA"]
[PlyCount "70"]
[EventDate "2018.10.20"]
[EventType "swiss"]
[EventCountry "GRE"]
[SourceTitle "playchess.com"]
[Source "ChessBase"]
[SourceQuality "1"]
[TimeControl "40/5400+30:1800+30"]

1. d4 {[%emt 0:00:05]} Nf6 {[%emt 0:00:00]} 2. c4 {[%emt 0:00:06]} g6 {[%emt 0:00:00]} 3. Nc3 {[%emt 0:00:04]} Bg7 {[%emt 0:00:06]} 4. e4 {[%emt 0:00:09]} d6 {[%emt 0:00:06]} 5. h3 {[%emt 0:00:03]} O-O {[%emt 0:00:12]} 6. Be3 {[%emt 0:00:04]} Nbd7 {[%emt 0:00:21]} 7. Nge2 {[%emt 0:01:07]} c5 {[%emt 0:00:36]} 8. g3 {[%emt 0:02:23]} Qa5 {[%emt 0:04:09]} 9. Qd2 {[%emt 0:05:42]} b5 {[%emt 0:05:40]} 10. cxb5 {[%emt 0:07:30]} a6 {[%emt 0:01:33]} 11. Bg2 {[%emt 0:02:09]} axb5 {[%emt 0:02:30]} 12. O-O {[%emt 0:03:28]} b4 {[%emt 0:13:37]} 13. Nd1 {[%emt 0:05:20]} Bb7 $17 {[%emt 0:10:59]} 14. e5 {[%emt 0:03:01]} Ne4 {[%emt 0:05:18]} 15. Qc2 {[%emt 0:00:29]} cxd4 {[%emt 0:02:50]} 16. Nxd4 {[%emt 0:11:40]} Rac8 {[%emt 0:04:32]} 17. Qb1 {[%emt 0:02:51]} Qxe5 {[%emt 0:02:46]} 18. f4 {[%emt 0:03:21]} Qd5 {[%emt 0:07:45]} 19. Nf2 {[%emt 0:00:38]} Ndc5 {[%emt 0:04:00]} 20. Rd1 {[%emt 0:00:54]} f5 {[%emt 0:01:59]} 21. g4 {[%emt 0:06:08]} Qf7 {[%emt 0:01:46]} 22. Nf3 {[%emt 0:06:46]} h6 {[%emt 0:05:18]} 23. Nxe4 Nxe4 24. Qd3 {[%emt 0:02:11]} Bxb2 {[%emt 0:03:42]} 25. Rab1 {[%emt 0:00:10]} Bc3 {[%emt 0:02:38]} 26. a3 {[%emt 0:01:20]} Nc5 {[%emt 0:01:09]} 27. Bxc5 {[%emt 0:00:24]} Be4 {[%emt 0:01:44]} 28. Qe2 {[%emt 0:02:13]} dxc5 {[%emt 0:03:42]} 29. axb4 {[%emt 0:00:44]} Bxb1 {[%emt 0:04:13]} 30. Rxb1 {[%emt 0:01:59]} cxb4 {[%emt 0:00:47]} 31. g5 {[%emt 0:00:57]} h5 {[%emt 0:02:47]} 32. Ne5 {[%emt 0:00:18]} Qe6 {[%emt 0:00:35]} 33. Qb5 {[%emt 0:01:12]} Rfd8 {[%emt 0:00:23]} 34. Nc6 {[%emt 0:00:32]} Rd2 {[%emt 0:01:20]} 35. Nxb4 {[%emt 0:01:50]} Rxg2+ {[%emt 0:01:05]} 0-1

[Event "WYCC 2018 O18"]
[Site "Halkidiki"]
[Date "2018.10.28"]
[Round "9"]
[White "Polyakov, Fedor"]
[Black "Carnicelli, Valerio"]
[Result "0-1"]
[WhiteElo "2036"]
[BlackElo "2299"]
[Annotator "NA"]
[PlyCount "64"]
[EventDate "2018.10.20"]
[EventType "swiss"]
[EventCountry "GRE"]
[SourceTitle "playchess.com"]
[Source "ChessBase"]
[SourceQuality "1"]
[TimeControl "40/5400+30:1800+30"]

1. d4 {[%emt 0:00:16]} Nf6 {[%emt 0:00:00]} 2. c4 {[%emt 0:00:02]} c5 {[%emt 0:00:00]} 3. d5 {[%emt 0:00:03]} b5 {[%emt 0:00:00]} 4. cxb5 {[%emt 0:00:02]} a6 {[%emt 0:00:00]} 5. b6 {[%emt 0:00:06]} d6 {[%emt 0:00:03]} 6. Nc3 {[%emt 0:00:05]} Nbd7 {[%emt 0:00:05]} 7. e4 {[%emt 0:00:05]} g6 {[%emt 0:00:04]} 8. a4 {[%emt 0:02:07]} Qxb6 {[%emt 0:00:05]} 9. Nf3 {[%emt 0:00:39]} Bg7 {[%emt 0:00:06]} 10. Nd2 {[%emt 0:00:40]} O-O {[%emt 0:01:49]} 11. Nc4 {[%emt 0:02:10]} Qd8 {[%emt 0:01:42]} 12. a5 {[%emt 0:01:04]} Rb8 {[%emt 0:02:23]} 13. f4 {[%emt 0:03:33]} Ne8 {[%emt 0:02:23]} 14. Be2 {[%emt 0:16:11]} Nc7 {[%emt 0:13:43]} 15. Na4 {[%emt 0:08:30]} Nb5 {[%emt 0:02:58]} 16. Nab6 {[%emt 0:03:03]} Nxb6 $15 {[%emt 0:07:51]} 17. Nxb6 {[%emt 0:02:38]} Nd4 {[%emt 0:00:12]} 18. O-O {[%emt 0:06:12]} f5 {[%emt 0:14:05]} 19. exf5 {[%emt 0:06:36]} Nxf5 {[%emt 0:02:51]} 20. Qd3 {[%emt 0:01:35]} Bb7 {[%emt 0:06:42]} 21. Bg4 {[%emt 0:02:27]} Bd4+ {[%emt 0:08:50]} 22. Kh1 {[%emt 0:00:47]} e6 {[%emt 0:00:48]} 23. dxe6 {[%emt 0:05:26]} Bc6 {[%emt 0:09:54]} 24. Qb3 {[%emt 0:20:10]} d5 {[%emt 0:11:33]} 25. Bxf5 {[%emt 0:02:12]} Rxf5 {[%emt 0:00:44]} 26. Re1 {[%emt 0:07:14]} Qh4 {[%emt 0:01:36]} 27. Be3 {[%emt 0:00:35]} Rh5 {[%emt 0:00:39]} 28. h3 {[%emt 0:00:16]} Qg3 {[%emt 0:04:01]} 29. Rad1 {[%emt 0:09:13]} c4 {[%emt 0:01:57]} 30. Qa3 {[%emt 0:00:15]} Bxe3 {[%emt 0:02:21]} 31. Rxe3 {[%emt 0:00:44]} Rxh3+ {[%emt 0:00:16]} 32. Kg1 {[%emt 0:00:31]} Qxe3+ {[%emt 0:00:06]} 0-1

[Event "WYCC 2018 O18"]
[Site "Halkidiki"]
[Date "2018.10.28"]
[Round "9"]
[White "Zhu, Brandon"]
[Black "Tifferet, Shaked"]
[Result "1/2-1/2"]
[WhiteElo "1914"]
[BlackElo "2254"]
[Annotator "NA"]
[PlyCount "88"]
[EventDate "2018.10.20"]
[EventType "swiss"]
[EventCountry "GRE"]
[SourceTitle "playchess.com"]
[Source "ChessBase"]
[SourceQuality "1"]
[TimeControl "40/5400+30:1800+30"]

1. e4 {[%emt 0:00:00]} e5 {[%emt 0:00:00]} 2. Nf3 {[%emt 0:00:00]} Nc6 {[%emt 0:00:00]} 3. Bb5 {[%emt 0:00:00]} a6 {[%emt 0:00:00]} 4. Ba4 {[%emt 0:00:03]} Nf6 {[%emt 0:00:05]} 5. O-O {[%emt 0:00:08]} Nxe4 {[%emt 0:00:25]} 6. d4 {[%emt 0:00:58]} b5 {[%emt 0:00:12]} 7. Bb3 {[%emt 0:00:17]} d5 {[%emt 0:00:06]} 8. dxe5 {[%emt 0:00:31]} Be6 {[%emt 0:00:05]} 9. c3 {[%emt 0:01:21]} Be7 {[%emt 0:00:15]} 10. Nbd2 {[%emt 0:01:31]} O-O {[%emt 0:00:08]} 11. Bc2 {[%emt 0:02:46]} f5 {[%emt 0:03:11]} 12. exf6 {[%emt 0:04:27]} Nxf6 {[%emt 0:00:06]} 13. Nb3 {[%emt 0:06:11]} Bg4 {[%emt 0:02:44]} 14. Qd3 {[%emt 0:02:21]} Qd7 {[%emt 0:05:01]} 15. Nbd4 {[%emt 0:02:03]} Nxd4 {[%emt 0:01:16]} 16. cxd4 {[%emt 0:01:47]} Bxf3 {[%emt 0:00:40]} 17. Qxf3 {[%emt 0:01:49]} Bd6 {[%emt 0:00:46]} 18. g3 {[%emt 0:18:30]} g6 {[%emt 0:10:49]} 19. Qg2 {[%emt 0:10:31]} Rae8 {[%emt 0:09:08]} 20. Bh6 {[%emt 0:01:38]} Rf7 {[%emt 0:00:36]} 21. Rae1 {[%emt 0:02:40]} c6 {[%emt 0:16:10]} 22. Rxe8+ {[%emt 0:02:30]} Qxe8 {[%emt 0:05:55]} 23. f3 {[%emt 0:08:19]} Bf8 {[%emt 0:06:48]} 24. Bxf8 {[%emt 0:05:29]} Qxf8 {[%emt 0:00:17]} 25. Re1 {[%emt 0:01:41]} Qb4 {[%emt 0:01:05]} 26. Qf2 {[%emt 0:06:12]} Qxb2 {[%emt 0:07:25]} 27. Re6 {[%emt 0:02:17]} Qc3 {[%emt 0:00:22]} 28. Kg2 {[%emt 0:02:54]} Kg7 {[%emt 0:06:01]} 29. h4 {[%emt 0:01:19]} a5 {[%emt 0:03:20]} 30. Kh3 {[%emt 0:01:59]} a4 {[%emt 0:04:04]} 31. Qe2 {[%emt 0:03:08]} Qa1 {[%emt 0:03:20]} 32. Rxf6 {[%emt 0:00:53]} Rxf6 {[%emt 0:07:48]} 33. Qe7+ {[%emt 0:00:12]} Rf7 {[%emt 0:00:26]} 34. Qe5+ {[%emt 0:00:11]} Kf8 {[%emt 0:02:35]} 35. Qb8+ {[%emt 0:00:34]} Ke7 {[%emt 0:01:10]} 36. Qc7+ {[%emt 0:00:25]} Kf8 {[%emt 0:01:10]} 37. Qb8+ {[%emt 0:00:19]} Kg7 {[%emt 0:00:07]} 38. Qe5+ {[%emt 0:00:13]} Kg8 {[%emt 0:00:19]} 39. Qe8+ {[%emt 0:00:40]} Rf8 {[%emt 0:00:48]} 40. Qe6+ {[%emt 0:00:00]} Kg7 {[%emt 0:00:00]} 41. Qe7+ {[%emt 0:01:08]} Rf7 {[%emt 0:07:01]} 42. Qe5+ {[%emt 0:00:12]} Kf8 {[%emt 0:01:09]} 43. Qb8+ {[%emt 0:00:16]} Ke7 {[%emt 0:00:16]} 44. Qc7+ {[%emt 0:00:15]} Kf8 {[%emt 0:01:32]} 1/2-1/2

[Event "WYCC 2018 O18"]
[Site "Halkidiki"]
[Date "2018.10.29"]
[Round "10"]
[White "Sarana, Alexey"]
[Black "Parvanyan, Ashot"]
[Result "1/2-1/2"]
[WhiteElo "2641"]
[BlackElo "2428"]
[Annotator "TA"]
[PlyCount "123"]
[EventDate "2018.10.20"]
[EventType "swiss"]
[EventCountry "GRE"]
[SourceTitle "playchess.com"]
[Source "ChessBase"]
[SourceQuality "1"]

{[%evp 16,123,32,10,47,44,47,43,44,42,49,43,48,31,39,39,39,37,37,31,29,25,33,0,0,0,0,0,0,0,0,0,0,0,0,0,0,0,2,0,0,-35,0,0,0,-44,0,0,0,0,0,0,0,0,6,4,3,0,0,0,31,31,31,31,30,29,32,33,35,27,29,35,20,-8,-8,-5,0,0,0,0,2,0,1,2,2,1,8,2,2,0,3,0,0,0,0,0,0,-8,-8,-12,-12,-12,-6,-16,-16,-12,-20,-45,8,-9]} 1. d4 Nf6 2. c4 g6 3. Nc3 Bg7 4. e4 d6 5. h3 O-O 6. Be3 c5 7. d5 {E71: King's Indian: 4 e4 d6 5 h3} (7. Nf3 cxd4 8. Nxd4 a6 9. Be2 b6 10. Bf3 Bb7 11. e5 Bxf3 12. Nxf3 dxe5 13. Qxd8 Rxd8 14. Bxb6 Rc8 15. Nd2 Nfd7 16. Be3 {1-0 (64) Jones,G (2666)-Perez Candelario,M (2611) Linares 2018}) 7... e6 8. Nf3 exd5 9. exd5 {LiveBook: 20 Games. White is slightly better.} Bf5 (9... b5 $5) 10. Bd3 Bxd3 $146 ({Predecessor:} 10... Qd7 11. Bxf5 Qxf5 12. Qb1 Qd7 13. O-O Na6 14. a3 Nc7 {½-½ (60) Stocek,J (2547)-Kollars,D (2501) Heusenstamm 2016}) 11. Qxd3 Nbd7 12. O-O a6 13. Rfe1 Re8 14. Re2 Ne5 15. Nxe5 Rxe5 16. Rae1 Qd7 17. a3 Rae8 18. b4 b6 {[%cal Bb7b6,Bb6b5][%mdl 32]} 19. Kf1 Ne4 20. Nxe4 Rxe4 21. g4 b5 22. Bf4 Rxe2 23. Rxe2 Rc8 24. bxc5 Rxc5 25. cxb5 axb5 26. Qe3 {[#] White threatens Qe8+ and mate.} h6 27. Qf3 Qb7 28. Rd2 Qe7 (28... Rc3 $5 {[%cal Rc3f3]} 29. Qe4 Rxa3 30. Bxd6 Rxh3 $11) 29. Rd3 Qf6 30. Qg3 Bf8 31. Bd2 Qa1+ 32. Kg2 Qa2 33. Qf3 Rc2 34. Bb4 Qc4 35. Re3 {White wants to play Bc3.} Rc1 36. Re8 Qf1+ 37. Kg3 Qg1+ 38. Qg2 Kg7 39. Qxg1 Rxg1+ $14 {[%mdl 4096] Endgame KRB-KRB} 40. Kf4 {Threatens to win with Rb8.} Rd1 41. Rb8 Rxd5 42. Bc3+ f6 $1 {[%cal Bf7f6,Bf6f5][%mdl 32]} 43. Ke4 Rc5 44. Bb4 f5+ 45. Kd4 Rc4+ 46. Kd3 fxg4 47. Rxb5 Rf4 48. hxg4 Rxg4 49. a4 d5 $1 50. Bc3+ Kf7 51. Bd4 {[#] aiming for a5.} Rg1 $1 52. a5 Rd1+ 53. Kc3 {Black must now prevent a6.} Ra1 54. Kc2 Ra4 55. Bb2 Rc4+ 56. Kd3 Bc5 57. f3 Ke6 58. a6 Kd6 59. Rb8 Rf4 60. Rg8 Rxf3+ 61. Kc2 Kc6 (61... d4 $15 62. Rxg6+ Kd5) 62. Rxg6+ {Precision: White = 68%, Black = 74%.} 1/2-1/2

[Event "WYCC 2018 O18"]
[Site "Halkidiki"]
[Date "2018.10.29"]
[Round "10"]
[White "Abdusattorov, Nodirbek"]
[Black "Ahmadzada, Ahmad"]
[Result "1-0"]
[WhiteElo "2558"]
[BlackElo "2343"]
[Annotator "TA"]
[PlyCount "89"]
[EventDate "2018.10.20"]
[EventType "swiss"]
[EventCountry "GRE"]
[SourceTitle "playchess.com"]
[Source "ChessBase"]
[SourceQuality "1"]

{[%evp 17,89,32,54,20,41,35,33,37,20,25,61,7,7,8,10,-4,0,-1,0,-6,78,72,89,22,75,5,75,70,77,68,74,48,61,45,37,45,77,72,53,52,64,0,36,29,38,27,100,102,235,219,207,192,227,228,223,194,302,302,302,300,515,515,515,515,515,515,515,515,1714,1536,29974,29962,29967,29965]} 1. e4 e6 2. d4 d5 3. Bd3 c5 4. exd5 Qxd5 (4... exd5 5. Nf3 Nf6 6. O-O c4 7. Re1+ Be7 8. Be2 O-O 9. b3 cxb3 10. axb3 Nc6 11. c3 Re8 12. Nbd2 Bd6 13. Bd3 Bg4 14. Rxe8+ Qxe8 {0-1 (52) Fontaine,R (2563)-Carlsen,M (2834) chess.com INT 2018}) 5. Nc3 Qd8 6. Nf3 {C01: French: Exchange Variation} Nf6 7. O-O cxd4 8. Nxd4 Be7 9. Bf4 a6 {LiveBook: 7 Games} 10. Nf3 O-O $146 ({Predecessor:} 10... Nh5 11. Be3 Qc7 12. Bg5 Nf6 13. Qd2 Nbd7 14. Bf4 Qa5 15. Rfe1 {½-½ (43) Emiroglu,C (2236)-Asilkefeli,M (2108) Kemer 2012}) 11. Qe2 Nbd7 12. Rad1 Qb6 13. b3 Qb4 14. Bd2 (14. Ne4 $14) 14... Qg4 $11 15. h3 $36 {[%mdl 2048] White has good play.} Qh5 $1 16. Nd4 Qc5 17. Qe3 b5 18. a4 {[%cal Ra4b5]} bxa4 (18... b4 $11 19. Ne4 Qb6) 19. Nxa4 $16 Qc7 20. Rfe1 (20. Nf5 $16 Bd8 21. Nxg7 $1 {[%mdl 512]}) 20... Nc5 {[#]} (20... Bd6 $11) 21. Nf5 (21. Ba5 $1 $16 {[%cal Ra5c7]} Qb7 22. Nxc5 Bxc5 23. c4) 21... Nxd3 (21... exf5 $11 22. Qxe7 Qxe7 23. Rxe7 Nxd3) 22. Nxe7+ Qxe7 23. Qxd3 Bb7 24. Qd4 {Threatens to win with Bb4.} Rfd8 25. Bb4 Qe8 26. Qb6 {Strongly threatening Rxd8.} Be4 {[#]} 27. Rxd8 $1 Rxd8 28. c4 Rb8 29. Qd6 (29. Qa5 $1 $14) 29... Bc2 30. Nb6 Bxb3 31. Rc1 Rd8 (31... Qd8 $11 32. Qxd8+ Rxd8) 32. Qg3 Rd1+ (32... Bd1 $16) 33. Rxd1 $18 Bxd1 34. Bc3 e5 35. Bxe5 Nh5 36. Qe3 Ba4 (36... f6 {is a better defense.}) 37. Nxa4 Qxa4 38. Qb6 {White wants to mate with Qd8+.} h6 $2 (38... Nf6 39. c5 Ne8) 39. c5 {[%cal Bc4c5,Bc5c6,Bc6c7][%mdl 32]} Qd1+ 40. Kh2 {And now c6 would win.} Qd5 41. Qb8+ Kh7 42. Qd6 Qa2 (42... Qc4 $142 43. c6 f6) 43. c6 Qxf2 44. c7 Qf5 45. Qc5 {Precision: White = 49%, Black = 31%.} 1-0

[Event "WYCC 2018 O18"]
[Site "Halkidiki"]
[Date "2018.10.29"]
[Round "10"]
[White "Moroni, Luca Jr"]
[Black "Pantzar, Milton"]
[Result "1-0"]
[WhiteElo "2554"]
[BlackElo "2326"]
[Annotator "ChessBase"]
[PlyCount "103"]
[EventDate "2018.10.20"]
[EventType "swiss"]
[EventCountry "GRE"]
[SourceTitle "playchess.com"]
[Source "ChessBase"]
[SourceQuality "1"]
[TimeControl "40/5400+30:1800+30"]

1. d4 {[%emt 0:00:00]} Nf6 {[%emt 0:00:00]} 2. Bf4 {[%emt 0:00:00]} d5 {[%emt 0:00:43]} 3. e3 {[%emt 0:00:00]} e6 {[%emt 0:02:53]} 4. Nf3 {[%emt 0:00:00]} c5 {[%emt 0:01:21]} 5. Nbd2 {[%emt 0:00:00]} Nc6 {[%emt 0:01:47]} 6. c3 {[%emt 0:00:05]} cxd4 {[%emt 0:00:48]} 7. exd4 {[%emt 0:00:06]} Nh5 {[%emt 0:00:12]} 8. Be3 {[%emt 0:00:05]} Bd6 {[%emt 0:00:54]} 9. Ne5 {[%emt 0:00:04]} g6 {[%emt 0:03:35]} 10. g4 {[%emt 0:00:05]} Ng7 {[%emt 0:04:41]} 11. h4 {[%emt 0:00:04]} f6 {[%emt 0:18:28]} 12. Nxc6 {[%emt 0:13:19]} bxc6 {[%emt 0:00:22]} 13. h5 {[%emt 0:03:53]} gxh5 {[%emt 0:05:43]} 14. Bd3 {[%emt 0:05:28]} Qe7 {[%emt 0:07:17]} 15. gxh5 {[%emt 0:07:35]} e5 {[%emt 0:04:49]} 16. Qa4 {[%emt 0:10:53]} Bd7 {[%emt 0:02:05]} 17. O-O-O {[%emt 0:02:48]} e4 {[%emt 0:03:58]} 18. Be2 {[%emt 0:02:41]} Ne6 {[%emt 0:03:21]} 19. Bg4 {[%emt 0:07:16]} Nf4 {[%emt 0:08:51]} 20. Bxf4 {[%emt 0:07:10]} Bxf4 {[%emt 0:00:11]} 21. Bxd7+ {[%emt 0:01:03]} Qxd7 {[%emt 0:00:43]} 22. Kb1 {[%emt 0:01:23]} Bxd2 {[%emt 0:05:44]} 23. Rxd2 {[%emt 0:00:03]} Kf7 {[%emt 0:00:40]} 24. Rc2 {[%emt 0:04:16]} Rab8 {[%emt 0:04:29]} 25. c4 {[%emt 0:03:06]} Rb7 {[%emt 0:01:17]} 26. Rhc1 {[%emt 0:01:24]} Rhb8 {[%emt 0:04:03]} 27. cxd5 {[%emt 0:02:00]} cxd5 {[%emt 0:03:11]} 28. Qa5 {[%emt 0:00:15]} Qb5 {[%emt 0:03:23]} 29. Qd2 {[%emt 0:04:18]} Qd3 {[%emt 0:00:52]} 30. Qxd3 {[%emt 0:00:12]} exd3 {[%emt 0:00:02]} 31. Rc7+ {[%emt 0:02:21]} Ke6 {[%emt 0:02:45]} 32. Rxb7 {[%emt 0:00:25]} Rxb7 {[%emt 0:00:02]} 33. Rd1 {[%emt 0:00:08]} Kf5 {[%emt 0:01:26]} 34. Rxd3 {[%emt 0:00:24]} Ke4 {[%emt 0:01:01]} 35. Rg3 {[%emt 0:00:10]} Kxd4 {[%emt 0:00:48]} 36. h6 {[%emt 0:02:00]} f5 {[%emt 0:04:27]} 37. Rg7 {[%emt 0:01:05]} Rb6 {[%emt 0:00:01]} 38. Rxh7 {[%emt 0:00:07]} Kd3 {[%emt 0:00:52]} 39. a4 {[%emt 0:02:18]} a6 {[%emt 0:00:57]} 40. a5 {[%emt 0:00:00]} Rd6 {[%emt 0:00:00]} 41. Rh8 {[%emt 0:08:06]} d4 {[%emt 0:05:49]} 42. h7 {[%emt 0:04:23]} Rd7 {[%emt 0:00:39]} 43. Ra8 {[%emt 0:05:47]} Rxh7 {[%emt 0:00:19]} 44. Rxa6 {[%emt 0:00:11]} Kc4 {[%emt 0:12:49]} 45. Rc6+ {[%emt 0:11:26]} Kb5 {[%emt 0:02:50]} 46. Rd6 {[%emt 0:00:38]} Kxa5 {[%emt 0:02:45]} 47. Rxd4 {[%emt 0:00:06]} Kb6 {[%emt 0:04:41]} 48. Rd5 {[%emt 0:01:19]} f4 {[%emt 0:02:48]} 49. Rd4 {[%emt 0:02:37]} Rf7 {[%emt 0:00:51]} 50. Kc2 {[%emt 0:00:14]} Kc5 {[%emt 0:00:05]} 51. Kd3 {[%emt 0:00:29]} f3 {[%emt 0:00:51]} 52. b4+ {[%emt 0:00:52] Kd5 Ke4+} 1-0

[Event "WYCC 2018 O18"]
[Site "Halkidiki"]
[Date "2018.10.29"]
[Round "10"]
[White "Triapishko, Alexandr"]
[Black "Alexiadis, Hristos"]
[Result "1/2-1/2"]
[WhiteElo "2508"]
[BlackElo "2263"]
[Annotator "TA"]
[PlyCount "41"]
[EventDate "2018.10.20"]
[EventType "swiss"]
[EventCountry "GRE"]
[SourceTitle "playchess.com"]
[Source "ChessBase"]
[SourceQuality "1"]

{[%evp 26,41,45,25,17,16,46,45,56,46,45,8,35,0,46,0,37,0]} 1. e4 c5 2. Nf3 d6 3. d4 Nf6 4. Nc3 cxd4 5. Nxd4 a6 6. Be3 e5 7. Nf3 Qc7 8. a4 h6 9. a5 Be6 10. Nd2 Be7 11. Be2 Nbd7 12. O-O O-O 13. Bf3 {B90: Sizilianisch (Najdorf-Variante, Abweichungen)} Rac8 14. Qe2 {LiveBook: 3 Partien} Qc6 15. Rfd1 {Die Stellung ist ausgeglichen.} Rfe8 16. Nf1 Bf8 {[#]} 17. h3 $146 ({Vorgänger:} 17. Ng3 g6 {1-0 (63) Rambaldi,F (2544)-Brunello,M (2361) Bergamo 2016}) 17... Qc4 18. Ra4 Qc7 19. Raa1 Qc4 20. Ra4 Qc7 21. Raa1 1/2-1/2

[Event "WYCC 2018 O18"]
[Site "Halkidiki"]
[Date "2018.10.29"]
[Round "10"]
[White "Gholami, Aryan"]
[Black "Hakobyan, Aram"]
[Result "1/2-1/2"]
[WhiteElo "2493"]
[BlackElo "2565"]
[Annotator "ChessBase"]
[PlyCount "93"]
[EventDate "2018.10.20"]
[EventType "swiss"]
[EventCountry "GRE"]
[SourceTitle "playchess.com"]
[Source "ChessBase"]
[SourceQuality "1"]
[TimeControl "40/5400+30:1800+30"]

1. Nf3 {[%emt 0:00:00]} Nf6 {[%emt 0:01:07]} 2. g3 {[%emt 0:00:00]} g6 {[%emt 0:00:25]} 3. b3 {[%emt 0:00:00]} Bg7 {[%emt 0:00:13]} 4. Bb2 {[%emt 0:00:02]} c5 {[%emt 0:00:16]} 5. c4 {[%emt 0:00:08]} b6 {[%emt 0:06:30]} 6. Bg2 {[%emt 0:00:27]} Bb7 {[%emt 0:00:02]} 7. O-O {[%emt 0:00:20]} O-O {[%emt 0:00:31]} 8. d4 {[%emt 0:00:24]} cxd4 {[%emt 0:00:57]} 9. Qxd4 {[%emt 0:00:17]} d6 {[%emt 0:00:11]} 10. Rd1 {[%emt 0:00:38]} Nbd7 {[%emt 0:00:03]} 11. Nc3 {[%emt 0:02:56]} Rc8 {[%emt 0:02:34]} 12. Rac1 {[%emt 0:03:04]} Rc5 {[%emt 0:04:05]} 13. Qd2 {[%emt 0:14:45]} Qa8 {[%emt 0:02:06]} 14. Ne1 {[%emt 0:02:35]} Bxg2 {[%emt 0:16:32]} 15. Nxg2 {[%emt 0:00:36]} Rfc8 {[%emt 0:04:36]} 16. Ne3 {[%emt 0:02:20]} Bh6 {[%emt 0:14:44]} 17. f4 {[%emt 0:06:12]} e6 {[%emt 0:10:30]} 18. Ba3 {[%emt 0:17:06]} Rh5 {[%emt 0:01:04]} 19. Bxd6 {[%emt 0:00:25]} Nc5 {[%emt 0:00:59]} 20. Bxc5 {[%emt 0:15:57]} Rhxc5 {[%emt 0:00:36]} 21. Nf1 {[%emt 0:01:00]} a6 {[%emt 0:15:19]} 22. a4 {[%emt 0:00:43]} R5c7 {[%emt 0:05:31]} 23. e3 {[%emt 0:01:26]} Nd7 {[%emt 0:01:24]} 24. Qg2 {[%emt 0:02:01]} Qxg2+ {[%emt 0:02:23]} 25. Kxg2 {[%emt 0:00:03]} Nc5 {[%emt 0:00:06]} 26. Nd2 {[%emt 0:05:58]} f5 {[%emt 0:01:45]} 27. b4 {[%emt 0:05:59]} Nd3 {[%emt 0:00:45]} 28. Rb1 {[%emt 0:00:06]} Bg7 {[%emt 0:02:03]} 29. Ne2 {[%emt 0:04:19]} Nb2 {[%emt 0:00:11]} 30. Rdc1 {[%emt 0:01:24]} Nxc4 {[%emt 0:00:05]} 31. Nxc4 {[%emt 0:00:21]} Rxc4 {[%emt 0:00:04]} 32. Rxc4 {[%emt 0:07:59]} Rxc4 {[%emt 0:00:02]} 33. Rc1 {[%emt 0:00:08]} Rxb4 {[%emt 0:02:01]} 34. Rc8+ {[%emt 0:00:05]} Kf7 {[%emt 0:00:23]} 35. Rc7+ {[%emt 0:00:11]} Kf8 {[%emt 0:02:18]} 36. Rc8+ {[%emt 0:00:09]} Ke7 {[%emt 0:00:04]} 37. Rc7+ {[%emt 0:00:04]} Kf6 {[%emt 0:00:45]} 38. Nd4 {[%emt 0:00:38]} Rb2+ {[%emt 0:02:43]} 39. Kf1 {[%emt 0:02:44]} Bf8 {[%emt 0:00:55]} 40. Rxh7 {[%emt 0:00:00]} e5 {[%emt 0:00:00]} 41. Nf3 {[%emt 0:03:47]} exf4 {[%emt 0:04:08]} 42. exf4 {[%emt 0:00:07]} Bg7 {[%emt 0:00:30]} 43. Ng5 {[%emt 0:03:47]} Rb4 {[%emt 0:08:36]} 44. Ne6 {[%emt 0:00:08]} Rxa4 {[%emt 0:02:38]} 45. Nxg7 {[%emt 0:02:30]} Re4 {[%emt 0:00:45]} 46. Nh5+ gxh5 {[%emt 0:00:06]} 47. Rh6+ {[%emt 0:01:09] Ke5} 1/2-1/2